Principles of fermentation technology / (Record no. 1538)
[ view plain ]
| 000 -LEADER | |
|---|---|
| fixed length control field | 00361cam a2200145ua 4500 |
| 020 ## - INTERNATIONAL STANDARD BOOK NUMBER | |
| ISBN | 9780080244006 |
| 082 ## - DEWEY DECIMAL CLASSIFICATION NUMBER | |
| Classification number | 664.024 |
| Item number | STA/PR |
| 100 ## - MAIN ENTRY--AUTHOR NAME | |
| Personal name | Stanbury, Peter F . |
| 245 ## - TITLE STATEMENT | |
| Title | Principles of fermentation technology / |
| 250 ## - EDITION STATEMENT | |
| Edition statement | 1 / |
| 260 ## - PUBLICATION, DISTRIBUTION, ETC. (IMPRINT) | |
| Place of publication | Oxford : |
| Name of publisher | Pergamon Press , |
| Year of publication | 1984. |
| 300 ## - PHYSICAL DESCRIPTION | |
| Number of Pages | 255 ; . |
| 700 1# - ADDED ENTRY--PERSONAL NAME | |
| Personal name | Whittaker, Allan . |
| 942 ## - ADDED ENTRY ELEMENTS (KOHA) | |
| Koha item type | Books |
| Withdrawn status | Lost status | Damaged status | Home library | Current library | Date acquired | Full call number | Accession Number | Koha item type | Collection code | Shelving location | Source of acquisition | Cost, normal purchase price |
|---|---|---|---|---|---|---|---|---|---|---|---|---|
| KAUAET | KAUAET | 26/03/1987 | 664.024 STA/PR | 16130 | Books | |||||||
| KAUAET | KAUAET | 21/11/2012 | 664.024 STA/PR | 23618 | Books | Non-fiction | General Stacks | CosmoBooks, Calicut | 565.00 | |||
| KAUAET | KAUAET | 21/11/2012 | 664.024 STA/PR | 23619 | Books | Non-fiction | General Stacks | CosmoBooks, Calicut | 565.00 |
